Standard Mathematical Tables (Record no. 299443)

000 -LEADER
fixed length control field 00309 a2200133 4500
001 - CONTROL NUMBER
control field 64370
082 ## - DEWEY DECIMAL CLASSIFICATION NUMBER
Classification number 512.922 BEY
090 ## - LOCALLY ASSIGNED LC-TYPE CALL NUMBER (OCLC); LOCAL CALL NUMBER (RLIN)
-- 38001
-- 38001
100 ## - MAIN ENTRY--PERSONAL NAME
Personal name Beyder W H
245 ## - TITLE STATEMENT
Title Standard Mathematical Tables
260 ## - PUBLICATION, DISTRIBUTION, ETC.
Place of publication, distribution, etc. Ohio
Name of publisher, distributor, etc. CRC Press
Date of publication, distribution, etc. 1973
300 ## - PHYSICAL DESCRIPTION
Extent 565 P.
650 ## - SUBJECT ADDED ENTRY--TOPICAL TERM
Topical term or geographic name entry element Mathematical Tables
942 ## - ADDED ENTRY ELEMENTS (KOHA)
Institution code [OBSOLETE] NUST-CAE
Call number prefix 512.922 BEY
Holdings
Withdrawn status Lost status Damaged status Not for loan Collection code Permanent Location Current Location Date acquired Total Checkouts Full call number Barcode Date last seen Price effective from Koha item type
          College of Aeronautical Engineering (CAE) College of Aeronautical Engineering (CAE) 04/03/2017   512.922 BEY CAEG-5260 04/05/2017 04/05/2017 Book
© 2023 Central Library, National University of Sciences and Technology. All Rights Reserved.